000 00557 a2200145 4500
245 _aworld of Buddhism
_b : Buddhist monks and nuns in society and culture
_hprint
020 _a0871969823
700 _aBechert, Heinz
700 _aGombrich, Richard F. (Richard Francis)
650 _aProgramming
005 20191017174004.0
260 _anyu
_bFacts on File
_cc1984
084 _aBQ4012 .W67 1984
300 _a308 p. : ill. (some col.)
_b 31 cm.
_c308 p. : ill. (some col.) ; 31 cm.
500 _atexts by Richard Gombrich ... [et al.] ; edited by Heinz Bechert and Richard Gombrich.
999 _c11012
_d11012